| 000 | 00973nas a2200313 4500 | ||
|---|---|---|---|
| 001 | BR2019001353 | ||
| 003 | BR-BrBNA | ||
| 005 | 20231205131913.0 | ||
| 007 | ta | ||
| 008 | 230509b bl.|||p| |||| 00| 00por d | ||
| 040 |
_aBR-BrBNA _bpor _cBiblioteca Nacional de Agricultura |
||
| 041 | _a(En) | ||
| 072 | _aE14; U10 | ||
| 100 | 1 | _aOliveira, D.G. de | |
| 100 | 1 | _aDelgado, A.R.S. | |
| 100 | 1 | _aVentura, S.D. | |
| 100 | 1 | _aCruz, M.D. | |
| 100 | 1 | _aRodrigues, P.C.P. | |
| 245 | 1 | _aBinary programming for the simulation of crop rotation and animal transit in an integrated crop-livestock system | |
| 650 | _aLAVOURA | ||
| 650 | _aPECUÁRIA | ||
| 650 | _aINTEGRAÇÃO | ||
| 650 | _aPLANEJAMENTO | ||
| 650 | _aMODELO MATEMÁTICO | ||
| 650 | _aROTAÇÃO DE CULTURA | ||
| 773 | 0 |
_tRevista Ciência Agronômica (Brazil) _xISSN 0045-6888 _g(Jan-Mar 2019), v. 50(1) p. 123-130 _wBR2019001353 |
|
| 909 |
_a202311 _bLúcia _c55 _dLúcia Elande |
||
| 942 |
_2AGRIS _n0 _cANA |
||
| 999 |
_c257379 _d257379 |
||